Countries with the most English speakers in total - Statistics

General Stats
  • This quiz has been taken 55 times
  • The average score is 15 of 20
Answer Stats
Total English Speakers (in millions) Answer % Correct
30 Canada
100%
62 United Kingdom
100%
316 United States
100%
21 Australia
98%
200 India
98%
16 South Africa
98%
125 Nigeria
94%
4 New Zealand
85%
108 Pakistan
85%
4 Ireland
83%
18 Ghana
81%
8 Kenya
81%
4 Tanzania
75%
3 Jamaica
67%
12 Zimbabwe
67%
39 Uganda
60%
64 Philippines
56%
4 Singapore
56%
3 Liberia
40%
4 Paupa New Guinea
2%
No matching quizzes found
Score Distribution
Percent of People with Each Score
Percentile by Number Answered
Your Score History
You have not taken this quiz